Datafile (Record no. 76851)

MARC details
000 -LEADER
fixed length control field 00506cab a22001815a 4500
001 - CONTROL NUMBER
control field ##L133192
008 - FIXED-LENGTH DATA ELEMENTS--GENERAL INFORMATION
fixed length control field 060419e20051021xxk F 000 0 eng d
035 ## - SYSTEM CONTROL NUMBER
System control number (Sirsi) u133192
041 0# - LANGUAGE CODE
Language code of text/sound track or separate title eng
100 1# - MAIN ENTRY--PERSONAL NAME
Personal name Burns, Joe
245 00 - TITLE STATEMENT
Title Datafile
Remainder of title landscaping
260 ## - PUBLICATION, DISTRIBUTION, ETC.
Date of publication, distribution, etc. 2006
490 #0 - SERIES STATEMENT
Series statement Building
Volume/sequential designation 270(8403) 21 October 2005, 64-68(5)
520 ## - SUMMARY, ETC.
Summary, etc. Presents comparative prices for hard surfaces and planting.
651 #4 - SUBJECT ADDED ENTRY--GEOGRAPHIC NAME
Geographic name United Kingdom
Chronological subdivision
690 ## - LOCAL SUBJECT ADDED ENTRY--TOPICAL TERM (OCLC, RLIN)
Topical term or geographic name as entry element BUILT ENVIRONMENT-BUILDING COSTS
942 ## - ADDED ENTRY ELEMENTS (KOHA)
Suppress in OPAC 0
Holdings
Withdrawn status Lost status Source of classification or shelving scheme Damaged status Not for loan Home library Current library Shelving location Date acquired Total Checkouts Full call number Barcode Date last seen Copy number Price effective from Koha item type
    Dewey Decimal Classification     London London Journal article 19/04/2006   L133192 133192-1001 06/08/2019 1 06/08/2019 Journal article